| 000 | 00603nam a2200241 a 4500 | ||
|---|---|---|---|
| 001 | nice12345678 | ||
| 003 | IN_TiNIC | ||
| 005 | 20260116011636.0 | ||
| 008 | 050524s1973 leia grp 000 0 eng | ||
| 020 |
_a _c10 |
||
| 082 | 0 | 0 |
_a291 _bAND2 |
| 100 | _aAnderson, J N D | ||
| 245 | _aChristianity and Comparative Religion. | ||
| 260 |
_aLeicester _bInter Varsity Press _c1973 |
||
| 300 | _a126p | ||
| 500 | _aincludes index and biblioraphy | ||
| 505 | 2 | _abibl, Ref. Index | |
| 650 | _aComparative Religion | ||
| 700 | 1 | _aAnderson, J N D | |
| 902 | _bSRS | ||
| 942 | _cBK | ||
| 999 |
_c3070 _d3070 |
||